Информационные системы в технологии транспортных процессов; Информационные технологии в науке, управлении, социальной сфере и медицине; Ч. 1

Bibliografiska uppgifter
Parent link:Информационные технологии в науке, управлении, социальной сфере и медицине: сборник научных трудов IV Международной научной конференции, 5-8 декабря 2017 г., Томск/ Национальный исследовательский Томский политехнический университет (ТПУ).— , 2017
Ч. 1.— 2017.— [С. 96-99]
Huvudupphovsman: Шурыгина А. П.
Övriga upphovsmän: Чабанов Е. А., Конина Е. В.
Sammanfattning:Заглавие с титульного экрана
An important part of any logistic system is the subsystem that helps to flow and process the information, which, on closer examination, consists of a complex information system which includes various subsystems. As well as any other system, the information system should consist of orderly interrelated elements and possess some aggregate of integrative qualities. Decomposition into components of information systems can be done in different ways.
Språk:ryska
Publicerad: 2017
Serie:Моделирование в научных исследованиях
Ämnen:
Länkar:http://earchive.tpu.ru/handle/11683/46200
Materialtyp: Elektronisk Bokavsnitt
KOHA link:https://koha.lib.tpu.ru/cgi-bin/koha/opac-detail.pl?biblionumber=626001

MARC

LEADER 00000naa2a2200000 4500
001 626001
005 20231101133405.0
035 |a (RuTPU)RU\TPU\conf\25297 
035 |a RU\TPU\conf\25296 
090 |a 626001 
100 |a 20180130d2017 k y0rusy50 ca 
101 0 |a rus  |d eng 
102 |a RU 
105 |a y z 101zy 
135 |a drcn ---uucaa 
181 0 |a i  
182 0 |a b 
200 1 |a Информационные системы в технологии транспортных процессов  |d Information systems at technology of transport processes  |f А. П. Шурыгина, Е. А. Чабанов, Е. В. Конина 
203 |a Текст  |c электронный 
225 1 |a Моделирование в научных исследованиях 
230 |a 1 компьютерный файл (pdf; 381 Kb) 
300 |a Заглавие с титульного экрана 
320 |a [Библиогр.: с. 99 (5 назв.)] 
330 |a An important part of any logistic system is the subsystem that helps to flow and process the information, which, on closer examination, consists of a complex information system which includes various subsystems. As well as any other system, the information system should consist of orderly interrelated elements and possess some aggregate of integrative qualities. Decomposition into components of information systems can be done in different ways. 
461 1 |0 (RuTPU)RU\TPU\conf\25267  |t Информационные технологии в науке, управлении, социальной сфере и медицине  |o сборник научных трудов IV Международной научной конференции, 5-8 декабря 2017 г., Томск  |o в 2 ч.  |f Национальный исследовательский Томский политехнический университет (ТПУ)   |d 2017 
463 1 |0 (RuTPU)RU\TPU\conf\25268  |t Ч. 1  |f Национальный исследовательский Томский политехнический университет (ТПУ) ; ред. кол. О. Г. Берестнева ; А. А. Мицель ; Т. А. Гладкова  |v [С. 96-99]  |d 2017 
510 1 |a Information systems at technology of transport processes  |z eng 
610 1 |a электронные ресурсы 
610 1 |a информационная система 
610 1 |a логистика 
610 1 |a информация 
610 1 |a декомпозиция 
610 1 |a подсистемы 
610 1 |a информационные системы 
700 1 |a Шурыгина  |b А. П. 
701 1 |a Чабанов  |b Е. А. 
701 1 |a Конина  |b Е. В. 
801 2 |a RU  |b 63413507  |c 20180321  |g RCR 
856 4 |u http://earchive.tpu.ru/handle/11683/46200 
942 |c BK